000 00311nam a22001337a 4500
008 170508b xxu||||| |||| 00| 0 eng d
020 _a9780314171771
041 _aeng
080 _a343.9
100 _a15
101 _aSHJ
245 _aCRIMINAL PROCEDURE RECENT CASE ANALYZED
_cBRADLEY, C
942 _2udc
_cBK
999 _c12968
_d12968